000 00603nam a2200229Ia 4500
003 OSt
005 20220928111252.0
006 a|||||r|||| 00| 0
007 ta
008 220927b |||||||| |||| 00| 0 eng d
024 _a53926
037 _cTextual
040 _aSDCL
_cSDCL
_beng
041 _2eng
_aeng
082 _a0152,1Nx, M4
100 _aRatnaker Shudarshan
_9422991
245 0 _aYug badal raha hai.
260 _aDariyaganj
_bkandarp Prakashan
_c1984
300 _a70p
_ccm.
942 _h0152,1Nx, M4
_cTEXL
_2CC
999 _c739446
_d739446